| 000 | 00623nam a22002057a 4500 | ||
|---|---|---|---|
| 005 | 20081031151652.0 | ||
| 008 | 081031t xxu||||| |||| 00| 0 eng d | ||
| 010 | _aENG-84387 | ||
| 020 | _a8131301273 | ||
| 020 | _c200.00 (pbk) | ||
| 035 | _aEN-67920 | ||
| 082 | _aN / SIN | ||
| 100 | _aSinha, Nishi | ||
| 245 |
_aBureaucrats life: _ba fantasy / _cby Nishi Sinha |
||
| 260 |
_aNew Delhi _bA P H Publishing |
||
| 260 | _c2007 | ||
| 300 |
_a252p _c22cm |
||
| 942 |
_2ddc _cEN _hN _mSIN |
||
| 999 |
_c17721 _d17721 |
||